000 00267nam a2200109Ia 4500
008 190216s9999||||xx |||||||||||||| ||und||
100 _aVallathol
245 0 _aEnde Gurunathan
260 _b"Vallathol Grandhalayam, Cheruthuruthi"
650 _aKavithkal
942 _cBK
999 _c24167
_d24167